00516nam a2200181Ia 4500008004100000020001500041082000800056100002500064245004800089250000600137260003100143300001000174500002400184650001200208942000700220952009000227999001700317230524s9999 xx 000 0 und d a8190898744 bRAJ aBalgopal Raju942023 0aFundamental of Electromagnetic Field Theory a1 aBBSRbBK Publicationc2009 a367p; aQuantity Number: 1 aPhysics cBK 00104070aTATCLbTATCLcGENd2023-05-24l0o RAJp53878r2023-05-24w2023-05-24yBK c56438d56438